Responses for show #5715 - Friday, June 12, 2009

Contestants

Deb Ronning, a fifth grade teacher originally from Reddington, New Jersey

A.J. Schumacher, a radio show production intern from St. Paul, Minnesota

Jason Pratt, a middle school history teacher from Woodbridge, Virginia (whose 2-day cash winnings total $32,701)

Jeopardy! Round responses

QUOTES FROM THE KING JAMES BIBLE
WIMBLEDON SINGLES CHAMPS
LAST NAME'S THE SAME
THE LITERARY CHEERLEADER!
ISLANDS
COMMON RHYMES
    $200 1
green pastures

Jason
    $200 8
(Deb: Who is Becker?)

Bjorn Borg

A.J.Deb
    $200 6
West

Jason
    $200 12
Perry Mason

Jason
    $200 14
Ireland

Deb
    $200 18
Greek Week

A.J.
    $400 2
Peter

Jason
    $400 20
John McEnroe

Deb
    $400 7
Graham

Deb
    $400 13
Pride and Prejudice

A.J.
    $400 27
New Zealand

A.J.
    $400 19
a stun gun

Deb
    $600 3
(Deb: Who is Deborah?)

Naomi

JasonDeb
    $600 21
(Martina) Navratilova

A.J.
    $600 9
(Alex: Last name is [*]. Margaret [*]--Gone with the Wind.)

Mitchell

Triple Stumper
    $600 15
Michael Crichton

Jason
    $600 28
Sri Lanka

Deb
    $600 22
a chick flick

Deb
    $1,200 4
King Solomon

Jason
    $800 25
(Jimmy) Connors

Deb
    $800 10
Lawrence

Jason
    $800 16
(Alex: And that would be author [*].)

John Irving

Triple Stumper
    $800 29
Iceland

Deb
    $800 23
bed head

A.J.
    $1000 5
(Alex: Title of a well-known play and movie--shall [*].)

inherit the wind

Triple Stumper
    $1000 26
(Alex: Nicknamed "The Rocket"--[*].)

Rod Laver

Triple Stumper
    $1000 11
(Alex: Common last name is [*].)

Robbins

Triple Stumper
    $1000 17
(Alex: "The Wreck of the Hesperus" by [*].)

Henry Wadsworth Longfellow

Triple Stumper
    $1000 30
Taiwan

A.J.
    $1000 24
a chill pill

Deb

Scores at the first commercial break (after clue 15):

Jason A.J. Deb
$4,200 $600 -$200

Scores at the end of the Jeopardy! Round:

Jason A.J. Deb
$4,200 $3,600 $4,400

Double Jeopardy! Round responses

RECENT OBITS
DANCES WITH WOLVES
THE MIRACLE OF VINEGAR
BEFORE & AFTER
WHAT KIND OF ANIMAL ARE YOU?
"ON" THE END
(Alex: Those letters, "O-N", will come up at the end of each correct response.)
    $400 16
Mr. Blackwell

Deb
    $400 11
George Clooney

Deb
    $400 1
cider

Triple Stumper
    $400 3
bursting in air freshener

Jason
    $400 21
a whale

Jason
    $400 26
epsilon

Jason
    $800 17
(Ricardo) Montalban

A.J.
    $800 12
Elvis Presley

A.J.
    $800 2
washing the windows

Deb
    $800 4
a Monterey Jack Russell terrier

Triple Stumper
    $800 22
a horse

A.J.
    $800 27
tarragon

A.J.
    $1200 18
Paul Harvey

Jason
    $1200 13
Warren Beatty

Deb
    $1200 8
a plugged drain

A.J.
    $1200 5
(Jason: What is two if by land turtle?)

one if by land, two if by sea turtle

JasonDeb
    $1200 23
a seal

A.J.
    $1200 28
(A.J.: What is an "emoshicon"?)

an emoticon

A.J.Deb
    $1600 19
(Jesse) Helms

A.J.
    $1600 14
Charlie Sheen

Deb
    $1600 9
table salt

A.J.
    $1600 6
"You Can Call Me Al Gore"

A.J.
    $5,000 24
an antelope

A.J.
    $1600 29
a crampon

Jason
    $2000 20
(Steve) Fossett

A.J.
    $2000 15
(A.J.: Uh, who is Fred Astaire?)

(Frank) Sinatra

A.J.Deb
    $3,000 10
(A.J.: What is basalmic vinegar?)
(Alex: Say it again.)
(A.J.: What is basalmic vinegar?)
(Alex: Oh, sorry. You're transposing the "L". It's [*], not "basalmic".)

balsamic

A.J.
    $2000 7
(Jason: Who is Jack Frostbite?)

Robert Frostbite

JasonA.J.
    $2000 25
a lizard

Deb
    $2000 30
(A.J.: What is the Rhône?)
...
(Alex: That's why you had to cross it--[*].)

the Rubicon

A.J.
Triple Stumper

Scores at the end of the Double Jeopardy! Round:

Jason A.J. Deb
$5,000 $14,800 $15,200

[wagering suggestions for these scores]

Final Jeopardy! Round responses

CLASSIC LITERATURE
JasonWho is Kerouac?
$3,000
A.J.Who is Kerowac
$4,000
DebWho is Jack Kerouac??
$5,000
John Steinbeck (in The Grapes of Wrath)

Final scores:

Jason A.J. Deb
$2,000 $10,800 $10,200
3rd place: $1,000 New champion: $10,800 2nd place: $2,000

Game dynamics:

Coryat scores:

Jason A.J. Deb
$4,600 $14,400 $15,200
13 R
(including 1 DD),
2 W
19 R
(including 1 DD),
4 W
(including 1 DD)
18 R,
2 W

Combined Coryat: $34,200

The J! Archive is created by fans, for fans. The Jeopardy! game show and all elements thereof, including but not limited to copyright and trademark thereto, are the property of Jeopardy Productions, Inc. and are protected under law. This website is not affiliated with, sponsored by, or operated by Jeopardy Productions, Inc. Join the discussion at JBoard.tv.